Films dont le titre commence par un M (1) Version facile - Statistiques

Statistiques générales
  • Ce quiz a été pris 6 fois
  • Le résultat moyen est 9 sur 30
Statistiques - réponses
Année Réalisateur Genre 1 acteur ou
1 actrice
Titre Indice facile % Correct
1963 H. Verneuil Policier Alain Delon Mélodie en sous-sol sous-sol
83%
1927 F. Lang Fantastique Alfred Abel Metropolis *
83%
1631 F. Lang Policier Peter Lorre M le Maudit le
83%
1964 G. Cukor Musical Audrey Hepburn My fair lady lady
83%
1969 E. Rohmer Comédie dramatique Jean-Louis Trintignant Ma nuit chez Maud nuit
67%
1970 R. Altman Guerre Donald Sutherland MASH *
67%
1969 J. Schlesinger Drame Jon Voight Macadam cowboy *
50%
1955 A. Hitchcock Comédie Edmund Gwenn Mais qui a tué Harry Mais
50%
1958 J. Tati Comédie Jacques Tati Mon oncle *
50%
1966 J-L. Godard Policier Anna Karina Made in USA USA
33%
1958 J. Tissier Policier Jean Gabin Maigret tend un piège tend
33%
1963 G. Grangier Policier Jean Gabin Maigret voit rouge rouge
33%
1966 J-L. Godard Comédie dramatique Jean-Pierre Léaud Masculin féminin *
33%
1939 F. Capra Comédie James Stewart Mr Smith au Sénat Sénat
33%
1950 M-G Sauvageon Comédie Maurice Chevalier Ma Pomme *
17%
1943 H. Schuster Aventures Roddy McDowall Mon amie Flicka amie
17%
1947 C. Chaplin Drame Charlie Chaplin Monsieur Verdoux *
17%
1952 J. Huston Comédie dramatique José Ferrer Moulin Rouge *
17%
1961 C-L Bragaglia Peplum Ed Fury Maciste dans la vallée des lions lions
0%
1961 A. Leonviola Peplum Mark Forest Maciste l'homme le plus fort du monde monde
0%
1959 G. von Radvanyi Comédie Romy Schneider Mademoiselle Ange *
0%
1950 M. Allégret Drame Michèle Morgan Maria Chapdelaine *
0%
1935 M. Pagnol Comédie Henri Poupon Merlusse *
0%
1951 C. Gallone Peplum Marie Félix Messaline *
0%
1959 H. Diamant-Berger Comédie Pierre Doris Messieurs les ronds de cuir cuir
0%
1961 F. Capra Comédie dramatique Stuart Holmes Milliardaire pour un jour jour
0%
1930 J. von Sternberg Comédie dramatique Gary Cooper Morocco *
0%
1951 L. Benedek Drame psychologique Fredric March Mort d'un commis voyageur Mort
0%
1964 H. Bromberger Drame Pascale Audret Mort où est ta victoire victoire
0%
1967 R. Bresson Drame Marie Cardinal Mouchette *
0%
Aucun quiz correspondant
Distribution des résultats
% des personnes avec chaque résultat
Percentile par nombre de réponses
Votre historique - résultats
Vous n’avez pas pris ce quiz